[Event "Szolnok"]
[Site "Szolnok"]
[Date "1975.??.??"]
[Round "6"]
[White "Farago, Ivan"]
[Black "Mednis, Edmar John"]
[Result "1/2-1/2"]
[WhiteElo "2460"]
[BlackElo "2455"]

1.c4 Nf6 2.Nc3 c6 3.d4 d5 4.e3 e6 5.Nf3 Nbd7 6.Bd3 dxc4 7.Bxc4 b5 8.Bd3 Bb7
9.O-O b4 10.Ne4 Nxe4 11.Bxe4 Be7 12.Qa4 O-O 13.Bd2 Qb6 14.Rfc1 Rfc8 15.Rc4 Nf6
16.Bxb4 Nxe4 17.Bxe7 Qxb2 18.Rf1 Nc3 19.Qa5 Ne2+ 20.Kh1 Qb5 21.Qxb5 cxb5
22.Rxc8+ Rxc8 23.Bc5 a5 24.a3 Nc3 25.Nd2  1/2-1/2

[Event "Vilnius zt"]
[Site "Vilnius"]
[Date "1975.??.??"]
[Round "15"]
[White "Gulko, Boris F"]
[Black "Vaganian, Rafael A"]
[Result "1/2-1/2"]
[WhiteElo "2480"]
[BlackElo "2530"]

1.Nf3 d5 2.d4 Nf6 3.c4 e6 4.Nc3 c6 5.e3 Nbd7 6.Bd3 dxc4 7.Bxc4 b5 8.Bd3 Bb7
9.e4 b4 10.Na4 c5 11.e5 Nd5 12.O-O cxd4 13.Re1 Be7 14.Nxd4 O-O 15.Qg4 Kh8
16.Qh3 g6 17.Bh6 Rg8 18.Rac1 N5b6 19.Nxb6 Qxb6 20.Nf3 Rgc8 21.Ng5 Bxg5 22.Bxg5 Rxc1
23.Rxc1 Kg8 24.Re1  1/2-1/2

[Event "Pernik"]
[Site "Pernik"]
[Date "1976.01.09"]
[Round "10"]
[White "Radev, Nikolai"]
[Black "Onat, Ilhan"]
[Result "1-0"]
[WhiteElo "2370"]
[BlackElo "2355"]

1.c4 c6 2.Nf3 d5 3.d4 Nf6 4.Nc3 e6 5.e3 Nbd7 6.Bd3 Bb4 7.O-O O-O 8.Qe2 Qe7
9.e4 dxc4 10.Bxc4 e5 11.Re1 h6 12.h3 exd4 13.e5 dxc3 14.bxc3 Bc5 15.exf6 Qxf6
16.Qe4 Rd8 17.g4 Nf8 18.g5 Qf5 19.Qxf5 Bxf5 20.Re5 Be6 21.Rxc5 Nd7 22.Bxe6 Nxc5
23.Bc4 Rd1+ 24.Kg2 Nd3 25.Bxd3 Rxd3 26.gxh6 gxh6 27.Bxh6 Rxc3 28.Rd1 Kh7
29.Be3 Kg6 30.Rd7 b6 31.Bd4 Rc2 32.Ne5+ Kf5 33.Nxf7 c5 34.Be3 Rxa2 35.h4 Rg8+
36.Kf3 Rf8 37.Ng5 Kg6+ 38.Kg4 Ra4+ 39.f4 Re8 40.h5+ Kf6 41.Rd6+ Ke7 42.Re6+ Kd7
43.Rxe8 Kxe8 44.h6  1-0

[Event "Agard"]
[Site "Agard"]
[Date "1976.??.??"]
[Round "9"]
[White "Sapi, Laszlo"]
[Black "Paoli, Enrico"]
[Result "1/2-1/2"]
[WhiteElo "2395"]
[BlackElo "2265"]

1.d4 d5 2.c4 c6 3.Nc3 Nf6 4.Nf3 e6 5.e3 Nbd7 6.Bd3 dxc4 7.Bxc4 b5 8.Bd3 b4
9.Ne4 Bb7 10.Qa4 Be7 11.Nxf6+ Nxf6 12.Ne5 Qd5 13.f3 O-O 14.Bc4 Bd6 15.Nd3 Nd7
16.Bd2 a5 17.Qc2 c5 18.dxc5 Nxc5 19.Nxc5 Qxc5 20.Rc1 Rac8 21.O-O Qh5 22.Be1 Bc5
23.Bf2 Qh6 24.Qe2 Qf6 25.Rfd1 Rfd8 26.Bb3 Rxd1+ 27.Rxd1 Rd8 28.Qb5 Rxd1+
29.Bxd1 Qd8 30.Be2 Bb6 31.Kf1 h6 32.Bd3 Bc6 33.Qa6 g6 34.Ke2 Bd5 35.b3 Bc7
36.h3 Kh7 37.e4 Ba8 38.Be3 Qh8 39.Qa7 Qd8 40.Bf4 e5 41.Be3 Bc6 42.Bc4 Be8
43.Qb7 Kg7 44.Bc5 Bd6 45.Bb6 Qg5 46.Qc8 Qe7 47.Bxa5 Bd7 48.Qb7 Qg5 49.Qa7 Qxg2+  1/2-1/2

[Event "IBM-B"]
[Site "Amsterdam"]
[Date "1976.??.??"]
[Round "5"]
[White "Matera, Salvatore"]
[Black "Woodhams, Michael"]
[Result "1/2-1/2"]
[WhiteElo "2420"]
[BlackElo "2430"]

1.d4 d5 2.c4 c6 3.e3 Nf6 4.Nc3 e6 5.Nf3 Nbd7 6.Bd3 Bd6 7.e4 dxe4 8.Nxe4 Nxe4
9.Bxe4 Nf6 10.Bc2 Bb4+ 11.Bd2 Qa5 12.Ne5 c5 13.dxc5 Qxc5 14.Ba4+ Ke7 15.O-O Bxd2
16.Qxd2 Qxe5 17.Qb4+ Qd6 18.c5 Qc7 19.c6+ Qd6 20.cxb7 Qxb4 21.bxa8=Q Qxa4
22.Rac1 Qd7 23.Qb8 Nd5 24.Qg3 g6 25.Qh4+ f6 26.Qh6 Kf7 27.Rfd1 Qe7 28.h4 Qf8
29.Rxd5 Qxh6 30.Rc7+ Ke8 31.Rxc8+ Ke7 32.Rc7+ Ke8  1/2-1/2

[Event "Beersheba"]
[Site "Beersheba"]
[Date "1976.??.??"]
[Round "4"]
[White "Marovic, Drazen"]
[Black "Lederman, Leon"]
[Result "1-0"]
[WhiteElo "2485"]
[BlackElo "2420"]

1.Nf3 d5 2.c4 c6 3.e3 Nf6 4.Nc3 e6 5.d4 Nbd7 6.Qc2 Bd6 7.Bd2 O-O 8.O-O-O Re8
9.Kb1 a6 10.e4 dxe4 11.Nxe4 Nxe4 12.Qxe4 e5 13.dxe5 Nxe5 14.Bc3 Nd7 15.Qg4 Bf8
16.Bd3 h6 17.Bf5 Nf6 18.Rxd8 Nxg4 19.Rxc8 Raxc8 20.Bxg4 Rcd8 21.Nd2 Bc5 22.Rf1 Bd4
23.Kc2 g6 24.Bf3 Kg7 25.Nb3 Bxc3 26.Kxc3 Re7 27.Nc5 f5 28.Rd1 Rxd1 29.Bxd1 Kf6
30.f4 g5 31.Nd3 Re3 32.Bf3 g4 33.Bd1 b5 34.cxb5 cxb5 35.b4 h5 36.Kd2 Re4
37.Bb3 h4 38.Bd5 Rd4 39.Bb7 Rd6 40.Kc3 Re6 41.Kd2 Rd6 42.h3 Ke7 43.Bc8 gxh3
44.gxh3 Kf6 45.Ke3 Rc6 46.Bb7 Re6+ 47.Kd4 Re2 48.a3 Rh2 49.Bxa6 Rxh3 50.Bxb5 Rh2
51.Bc6 Ke6 52.b5 Kd6 53.Bd5 Kc7 54.Be6 Kb6 55.a4 Re2 56.Bxf5 Ra2 57.Ne5 Rxa4+
58.Nc4+ Kb7 59.Be4+ Kb8 60.f5 Ra1 61.Ne3 Kc8 62.f6 Kd8 63.Nf5 Ke8 64.Nxh4 Ra4+
65.Ke5 Rb4 66.Bc6+ Kf7 67.Bd5+  1-0

[Event "HUN-ch"]
[Site "Budapest"]
[Date "1976.??.??"]
[Round "6"]
[White "Barczay, Laszlo"]
[Black "Tompa, Janos"]
[Result "0-1"]
[WhiteElo "2485"]
[BlackElo "2415"]

1.Nf3 d5 2.d4 Nf6 3.c4 c6 4.Nc3 e6 5.e3 Nbd7 6.Bd3 dxc4 7.Bxc4 b5 8.Bd3 a6
9.e4 c5 10.e5 cxd4 11.Nxb5 axb5 12.exf6 Qa5+ 13.Bd2 Qb6 14.fxg7 Bxg7 15.O-O Nc5
16.Bf4 Bb7 17.Re1 Nxd3 18.Qxd3 Qc6 19.Rac1 Qd5 20.b4 Rc8 21.Rxc8+ Bxc8 22.Be5 f6
23.Bxd4 O-O 24.Qe4 Qxe4 25.Rxe4 Bd7 26.Bb2 Rc8 27.Re2 e5 28.a3 Bh6 29.h3 Bf5
30.Ne1 Kf7 31.g4 Bb1 32.Kg2 e4 33.f4 Bxf4 34.Rf2 Bg5 35.Kg3 Rc6 36.h4 Bc1
37.Ng2 Bxb2 38.Rxb2 Rc3+ 39.Kf2 Rf3+ 40.Ke2 Bd3+ 41.Kd2 Ke6 42.Ne1 Rf2+  0-1

[Event "WchT U26 prel-3"]
[Site "Caracas"]
[Date "1976.??.??"]
[Round "5"]
[White "Fernandez, Juan C"]
[Black "Sinclair, Ian"]
[Result "1/2-1/2"]
[WhiteElo "2370"]
[BlackElo "2265"]

1.c4 Nf6 2.Nc3 e6 3.Nf3 d5 4.d4 c6 5.e3 Nbd7 6.Bd3 dxc4 7.Bxc4 b5 8.Bd3 b4
9.Ne4 Nxe4 10.Bxe4 Qb6 11.O-O Bb7 12.Qa4 Be7 13.Bd2 Nf6 14.Bd3 O-O 15.Ne5 c5
16.Nc4 Qc6 17.Qxc6 Bxc6 18.dxc5 Bxc5 19.Rfc1 Be4 20.Bxe4 Nxe4 21.Be1 Rfc8
22.Na5 Rab8 23.Rc4 Nd6 24.Rc2 Rb5 25.Nb3 Bb6 26.Rxc8+ Nxc8 27.Rc1 Ne7 28.Kf1 a5
29.Nd2 Rd5 30.Ke2 Kf8 31.Nc4 Bc7 32.e4 Rc5 33.f3 Ng6 34.Bf2 Rc6  1/2-1/2

[Event "Dubna"]
[Site "Dubna"]
[Date "1976.??.??"]
[Round "?"]
[White "Donchenko, Anatoly G"]
[Black "Kostro, Jerzy"]
[Result "0-1"]
[WhiteElo "2395"]
[BlackElo "2400"]

1.c4 Nf6 2.Nc3 c6 3.d4 d5 4.Nf3 e6 5.e3 Nbd7 6.Bd3 dxc4 7.Bxc4 b5 8.Bd3 Bb7
9.O-O b4 10.Ne4 Nxe4 11.Bxe4 Be7 12.Bd2 O-O 13.Rc1 Qb6 14.Qa4 Rfc8 15.Rfd1 Nf6
16.Bd3 c5 17.dxc5 Rxc5 18.Rxc5 Bxc5 19.Be1 Bd5 20.Ne5 Bxe3 21.Nc4 Bxc4 22.Bxc4 Bc5
23.a3 bxa3 24.b4 Be7 25.Qxa3 Rb8 26.Qa4 h6 27.b5 Rd8 28.Ra1 Rd7 29.Be2 Bc5
30.Bf3 Qc7 31.Qc2 Bd4 32.Qxc7 Rxc7 33.Rd1 Rc4 34.Kf1 Bb6 35.Be2 Rc5 36.Bd3 Nd5
37.Bd2 f5 38.Be3 Nxe3+ 39.fxe3 Re5 40.e4 fxe4 41.Bc4 Kf7 42.Rd6 Ke7 43.Rc6 h5
44.Ke2 Kd7 45.g3 Ke7 46.h4 Kf6 47.Rc8 g5 48.Ke1 g4 49.Rc6 Ke7 50.Ke2 e3 51.Bd3 Rd5
52.Bc4 Rd2+ 53.Ke1 Rg2 54.Rxe6+ Kd7 55.Rh6 Ba5+ 56.Kf1 Rf2+ 57.Kg1 e2 58.Rh7+ Kd6
59.Rh6+ Kc5 60.Bxe2 Rxe2 61.Rxh5+ Kd4  0-1

[Event "Kringsja"]
[Site "Oslo"]
[Date "1976.??.??"]
[Round "2"]
[White "Sande, Oystein"]
[Black "Harestad, Thor Geir"]
[Result "1-0"]
[WhiteElo "2350"]
[BlackElo "2320"]

1.d4 d5 2.c4 e6 3.Nf3 Nf6 4.Nc3 c6 5.e3 Nbd7 6.Bd3 dxc4 7.Bxc4 b5 8.Bd3 b4
9.Ne2 c5 10.O-O Be7 11.Bd2 O-O 12.Rc1 Bb7 13.Ng3 Qb6 14.Ne5 Rfd8 15.Nc4 Qc7
16.Qe2 Rac8 17.e4 e5 18.Nf5 Bf8 19.d5 Nb6 20.Bg5 Nxc4 21.Bxf6 gxf6 22.Bxc4 Kh8
23.Qg4 Rb8 24.d6 Qd7 25.Rcd1 Bc8 26.Rd3 Qe8 27.Rh3 Rxd6 28.Rg3 Bh6 29.Nxd6 Bxg4
30.Nxe8 f5 31.exf5 Bxf5 32.Nd6  1-0

[Event "CSR-ch"]
[Site "Ostrava"]
[Date "1976.??.??"]
[Round "8"]
[White "Plachetka, Jan"]
[Black "Neckar, Lubomir"]
[Result "1/2-1/2"]
[WhiteElo "2470"]
[BlackElo "2330"]

1.Nf3 Nf6 2.c4 c6 3.d4 d5 4.e3 e6 5.Nc3 Nbd7 6.Bd3 dxc4 7.Bxc4 b5 8.Be2 Bb7
9.O-O b4 10.Na4 Be7 11.Ne1 c5 12.dxc5 Nxc5 13.Nxc5 Qxd1 14.Bxd1 Bxc5 15.Nd3 Bd6
16.Ba4+ Ke7 17.Rd1 Rhd8 18.Bd2 a5 19.Bb5 Rab8 20.Bc4 Rbc8 21.Bb5 Ne4 22.Be1 Nc5
23.Rac1 Nxd3 24.Rxc8 Rxc8 25.Bxd3 Be5 26.b3 Rd8 27.f4 Bf6 28.Kf2 Be4 29.Ke2 Bxg2
30.Rc1 Bf1+ 31.Kxf1 Rxd3 32.Ke2 Rd7 33.Rc5 Bc3  1/2-1/2

[Event "URS-ch otbor"]
[Site "Rostov"]
[Date "1976.??.??"]
[Round "?"]
[White "Karasev, Vladimir I"]
[Black "Kupreichik, Viktor D"]
[Result "1-0"]
[WhiteElo "2495"]
[BlackElo "2490"]

1.d4 d5 2.c4 c6 3.Nf3 Nf6 4.Nc3 e6 5.e3 Nbd7 6.Bd3 dxc4 7.Bxc4 b5 8.Bd3 a6
9.a4 Bb7 10.axb5 axb5 11.Rxa8 Qxa8 12.O-O b4 13.Na4 Be7 14.e4 c5 15.dxc5 Bxe4
16.Bxe4 Nxe4 17.Nb6 Nxb6 18.cxb6 Bc5 19.Be3 O-O 20.Bxc5 Nxc5 21.Qd6 Na4 22.Qxb4 Qc6
23.Nd4 Qe4 24.Re1  1-0

[Event "URS-ch otbor"]
[Site "Rostov"]
[Date "1976.??.??"]
[Round "?"]
[White "Khodos, German"]
[Black "Klovans, Janis"]
[Result "0-1"]
[WhiteElo "2200"]
[BlackElo "2490"]

1.d4 Nf6 2.c4 e6 3.Nc3 d5 4.Nf3 c6 5.e3 Nbd7 6.b3 Bb4 7.Bd2 O-O 8.Be2 b6
9.O-O Bd6 10.Qc2 Bb7 11.Rad1 c5 12.cxd5 exd5 13.Nb5 Bb8 14.dxc5 bxc5 15.b4 c4
16.Nfd4 Ne5 17.f4 Nc6 18.Bc3 a6 19.Nxc6 Bxc6 20.Bxf6 Qxf6 21.Nd4 Bb7 22.Bf3 Ba7
23.Kh1 Rfe8 24.Qc3 Re7 25.Rfe1 Rae8 26.Re2 g6 27.g3 Bc8 28.Kg2 Bf5 29.Nb5 d4
30.Nxd4 Bd3 31.Rxd3 cxd3 32.Qxd3 Rd8 33.Rd2 Red7 34.Qc3 Bxd4 35.exd4 Rxd4
36.Rxd4 Rxd4 37.a4 Qd6 38.b5 Rxa4 39.Qc8+ Kg7 40.Qc3+ Kg8 41.Qc8+ Kg7 42.Qc3+ f6
43.bxa6 Ra2+ 44.Kh3 Qxa6 45.Qe1 Qc8+ 46.Bg4 Qb7 47.Qf1 Qe4 48.Bd1 h5 49.f5 Kh6
50.fxg6 Qe6+ 51.g4 hxg4+ 52.Bxg4 Ra3+ 53.Kh4 Qe3  0-1

[Event "Skopje"]
[Site "Skopje"]
[Date "1976.??.??"]
[Round "5"]
[White "Jancev, Lazo"]
[Black "Georgievski, Vanco"]
[Result "1/2-1/2"]
[WhiteElo "2200"]
[BlackElo "2250"]

1.d4 d5 2.c4 c6 3.Nc3 Nf6 4.Nf3 e6 5.e3 Nbd7 6.Bd3 dxc4 7.Bxc4 b5 8.Bd3 b4
9.Ne4 Nxe4 10.Bxe4 Bb7 11.Nd2 Rc8 12.O-O Be7 13.Nc4 Ba6 14.Bd3 O-O 15.b3 c5
16.Bb2 Bb7 17.Rc1 Nf6 18.Qe2 Qd5 19.f3 Rfd8 20.Rfd1 Qg5 21.dxc5 Bxc5 22.Bxf6 Qxf6
23.Kh1 g6 24.Rc2 Bf8 25.Rcd2 Rc5 26.Be4 Rxd2 27.Nxd2 Bd5 28.Bd3 Qh4 29.e4 Bc6
30.g3 Qe7 31.Bc4 Ra5 32.Nf1 Qc7 33.Kg2 h5 34.Rd2 Bh6 35.Rc2 Qb7 36.Qd3 Kh7
37.Ne3 f5 38.Bxe6 fxe4 39.Qd8 exf3+ 40.Kf1 Bxe3 41.Rxc6  1/2-1/2

[Event "Hoogovens-B"]
[Site "Wijk aan Zee"]
[Date "1976.??.??"]
[Round "4"]
[White "Christiansen, Larry Mark"]
[Black "Nikolac, Juraj"]
[Result "1-0"]
[WhiteElo "2400"]
[BlackElo "2485"]

1.Nf3 d5 2.d4 Nf6 3.c4 e6 4.Nc3 c6 5.e3 Nbd7 6.Bd3 dxc4 7.Bxc4 b5 8.Bd3 a6
9.e4 c5 10.d5 c4 11.dxe6 fxe6 12.Bc2 Bb7 13.O-O Qb6 14.Qe2 O-O-O 15.a4 b4
16.a5 Qc7 17.Na4 b3 18.Bb1 Bb4 19.Bf4 e5 20.Nxe5 Nxe5 21.Bxe5 Qxe5 22.Qxc4+ Kb8
23.Qxb4 Ng4 24.f4 Qd4+ 25.Qxd4 Rxd4 26.Nc5 Rd2 27.Nxb3 Rxb2 28.Nc5 Rd8 29.Bd3 Ka8
30.Rfb1 Rd2 31.Rd1  1-0

[Event "Bad Lauterberg"]
[Site "Bad Lauterberg"]
[Date "1977.??.??"]
[Round "7"]
[White "Olafsson, Fridrik"]
[Black "Hermann, Manfred"]
[Result "1-0"]
[WhiteElo "2560"]
[BlackElo "2400"]

1.c4 c6 2.d4 d5 3.Nc3 Nf6 4.e3 e6 5.Nf3 Nbd7 6.Bd3 Bb4 7.a3 Ba5 8.O-O O-O
9.Qc2 Bc7 10.Bd2 dxc4 11.Bxc4 e5 12.Ba2 Bd6 13.h3 Qe7 14.Rae1 g6 15.Ng5 Nb6
16.dxe5 Bxe5 17.f4 Bc7 18.e4 Nc4 19.Bxc4 Qc5+ 20.Be3 Qxc4 21.b3 Qa6 22.e5 Bf5
23.Qf2 h6 24.Nf3 Nh7 25.Na4 Bd8 26.Nd4 Be7 27.Nxf5 gxf5 28.Qc2 c5 29.Qxf5 Rac8
30.Nc3 Qe6 31.Qe4 Qxb3 32.Nd5 Bh4 33.Rb1 Qxa3 34.f5 Rfd8 35.Bxh6 Rc6 36.e6 Nf6
37.Qxh4  1-0

[Event "Birmingham"]
[Site "Birmingham"]
[Date "1977.??.??"]
[Round "3"]
[White "Lambert, Glenn EJ"]
[Black "Luginbuhl, G."]
[Result "0-1"]
[WhiteElo "2420"]
[BlackElo "2365"]

1.d4 d5 2.c4 c6 3.Nf3 Nf6 4.Nc3 e6 5.e3 Nbd7 6.Bd3 dxc4 7.Bxc4 b5 8.Bd3 a6
9.e4 c5 10.d5 c4 11.dxe6 cxd3 12.exd7+ Qxd7 13.O-O Bb7 14.Bf4 Rd8 15.Rc1 Be7
16.Nd5 Nxd5 17.exd5 Qxd5 18.Rc7 Rd7 19.Rxd7 Qxd7 20.Re1 O-O 21.Re3 Rd8 22.Ne1 d2
23.Nd3 Qc6 24.f3 Bc5 25.Nxc5 Qxc5 26.Kf1  0-1

[Event "Club Argentino"]
[Site "Buenos Aires"]
[Date "1977.??.??"]
[Round "11"]
[White "Najdorf, Miguel"]
[Black "Cuasnicu, Oscar"]
[Result "1-0"]
[WhiteElo "2525"]
[BlackElo "2400"]

1.Nf3 Nf6 2.c4 c6 3.d4 d5 4.Nc3 e6 5.e3 Nbd7 6.Bd3 dxc4 7.Bxc4 b5 8.Be2 b4
9.Na4 Qa5 10.O-O Ba6 11.Bxa6 Qxa6 12.b3 Rc8 13.a3 bxa3 14.Bxa3 Bxa3 15.Rxa3 O-O
16.Qa1 Qb7 17.Rc1 Rc7 18.Nd2 Rfc8 19.Nc4 Qb4 20.Nab2 Rb8 21.Nd3 Qb5 22.b4 Qf5
23.f3 h5 24.e4 Qg5 25.Rxa7 Rxa7 26.Qxa7 Rd8 27.Qa5 Nh7 28.Qxg5 Nxg5 29.h4 Nh7
30.Kf2 Nb8 31.Ke3 f5 32.Na5 fxe4 33.fxe4 Nf6 34.Ne5 Kh7 35.Naxc6 Nxc6 36.Rxc6 Rb8
37.Nd3 Ng4+ 38.Kd2 e5 39.dxe5 Ra8 40.b5 Ra5 41.b6 Rb5 42.e6 Kg6 43.Nf4+ Kh7
44.e7  1-0

[Event "SVK-ch"]
[Site "Detva"]
[Date "1977.??.??"]
[Round "11"]
[White "Duriga, Stefan"]
[Black "Krisko, D."]
[Result "1/2-1/2"]
[WhiteElo "2230"]
[BlackElo "2290"]

1.d4 Nf6 2.c4 e6 3.Nf3 d5 4.Nc3 c6 5.e3 Nbd7 6.Bd3 dxc4 7.Bxc4 b5 8.Bd3 Bb7
9.O-O Be7 10.b3 O-O 11.Bb2 b4 12.Na4 c5 13.Rc1 Rc8 14.Qe2 cxd4 15.Bxd4 Rxc1
16.Rxc1 Qa8 17.Nb2 e5 18.Nxe5 Nxe5 19.Bxe5 Bxg2 20.Rc7 Bd8 21.Rc4 Bf3 22.Qc2 Qd5
23.Rc5 Qe6 24.Bf5 Qa6 25.Nc4 g6 26.Bc8 Bb7 27.Nd6 Bxc8 28.Rxc8 Nd7 29.Bg3 Be7
30.Rc7 Bxd6 31.Rc6 Qb5 32.Bxd6 Ne5 33.Bxe5  1/2-1/2

[Event "Lone Pine"]
[Site "Lone Pine"]
[Date "1977.??.??"]
[Round "3"]
[White "Panno, Oscar"]
[Black "Kaplan, Julio P"]
[Result "1/2-1/2"]
[WhiteElo "2550"]
[BlackElo "2445"]

1.c4 Nf6 2.Nc3 e6 3.Nf3 d5 4.d4 c6 5.e3 Nbd7 6.Bd3 Bb4 7.O-O O-O 8.a3 Ba5
9.b4 Bc7 10.cxd5 exd5 11.b5 c5 12.a4 Re8 13.Ba3 cxd4 14.exd4 Nf8 15.h3 Ng6
16.Re1 Nf4 17.Rxe8+ Qxe8 18.Bf1 Bf5 19.Qb3 Qd8 20.Ne2  1/2-1/2

[Event "Marshall CC"]
[Site "New York"]
[Date "1977.??.??"]
[Round "?"]
[White "Diesen, Mark C"]
[Black "Bisguier, Arthur Bernard"]
[Result "1-0"]
[WhiteElo "2360"]
[BlackElo "2440"]

1.Nf3 d5 2.c4 e6 3.d4 Nf6 4.Nc3 c6 5.e3 Nbd7 6.Bd3 Bb4 7.O-O O-O 8.Qc2 Bd6
9.e4 dxc4 10.Bxc4 e5 11.h3 exd4 12.Nxd4 Ne5 13.Be2 Bc5 14.Nb3 Bb6 15.Na4 Bc7
16.Be3 b6 17.f4 Ng6 18.Nc3 Qe7 19.e5 Bd7 20.Rad1 Ne8 21.Nd4 Rd8 22.Qe4 f5
23.Qf3 c5 24.Nc6 Bxc6 25.Qxc6 Nf6 26.Bc4+ Kh8 27.Qe6 Ne8 28.Qxe7 Nxe7 29.Nb5 Nc6
30.Rxd8 Bxd8 31.Rd1 Bh4 32.Kh2 Na5 33.Be2 a6 34.Nd6 Nc7 35.g3 Be7 36.Nxf5 Rxf5
37.Rd7 Bf8 38.Rxc7 b5 39.Rc8  1-0

[Event "Marshall CC"]
[Site "New York"]
[Date "1977.??.??"]
[Round "?"]
[White "Zuckerman, Bernard"]
[Black "Mednis, Edmar John"]
[Result "1/2-1/2"]
[WhiteElo "2450"]
[BlackElo "2430"]

1.d4 d5 2.c4 c6 3.Nc3 Nf6 4.e3 e6 5.Nf3 Nbd7 6.Bd3 dxc4 7.Bxc4 b5 8.Bd3 Bb7
9.O-O a6 10.Qe2 c5 11.Rd1 Qb8 12.d5 Nxd5 13.Nxd5 c4 14.Bxc4 bxc4 15.Nc3 Qc7
16.e4 Bc5 17.Be3 Bxe3 18.Qxe3 O-O 19.Rd2 Rab8 20.Rad1 Nf6 21.Qd4 Rfc8 22.Ne5 h6
23.Nd7 Nxd7 24.Qxd7 Qxd7 25.Rxd7 Bc6 26.R7d2 Kf8 27.f3 Ke7 28.Kf2 Rb4 29.Rc1 Rcb8
30.Rcc2 Ba4 31.Nxa4 Rxa4 32.a3 Rb3 33.Rd4 c3 34.Rxa4 cxb2 35.Rxb2 Rxb2+ 36.Kg3 Rb6
37.h4 h5 38.Kf4 Kd6 39.Ra5 g6 40.g4 hxg4 41.fxg4 f6 42.e5+ fxe5+ 43.Rxe5 Rc6
44.Ra5 Ke7 45.Kg5 Kf7 46.h5 gxh5 47.Kxh5 Kf6 48.g5+ Kg7 49.Re5 Kh7 50.Re3 Kg7
51.Rb3 e5 52.Rb7+ Kf8 53.g6 Rc1 54.Ra7 e4 55.Rxa6 e3 56.Rf6+ Kg7 57.Rf7+ Kg8
58.Re7 Re1 59.Kg4 e2 60.Kf3 Ra1  1/2-1/2

[Event "Sochi"]
[Site "Sochi"]
[Date "1977.??.??"]
[Round "7"]
[White "Ftacnik, Lubomir"]
[Black "Panchenko, Alexander N"]
[Result "0-1"]
[WhiteElo "2360"]
[BlackElo "2435"]

1.c4 Nf6 2.Nc3 e6 3.Nf3 d5 4.d4 c6 5.e3 Nbd7 6.Bd3 dxc4 7.Bxc4 b5 8.Bd3 a6
9.e4 c5 10.d5 c4 11.dxe6 fxe6 12.Bc2 Bb7 13.O-O Qc7 14.Ng5 Nc5 15.f4 h6 16.e5 hxg5
17.Bg6+ Ke7 18.Qe2 Nfd7 19.f5 Kd8 20.fxe6 Nxe6 21.Bf5 Kc8 22.Rd1 Bc5+ 23.Kh1 Nd4
24.Qg4 Nxf5 25.Qxf5 Qxe5 26.Qxd7+ Kb8 27.h3 Qg3 28.Nd5 Bxd5 29.Bf4+ gxf4
30.Rxd5 f3  0-1

[Event "SWE-ch"]
[Site "?"]
[Date "1977.??.??"]
[Round "?"]
[White "Ostberg, Peter"]
[Black "Carleson, Caspar"]
[Result "0-1"]
[WhiteElo "2200"]
[BlackElo "2200"]

1.d4 d5 2.c4 e6 3.Nc3 c6 4.Nf3 Nf6 5.e3 Nbd7 6.Bd3 dxc4 7.Bxc4 b5 8.Bd3 b4
9.Na4 c5 10.e4 cxd4 11.e5 Nd5 12.O-O Nc5 13.Nxc5 Bxc5 14.Re1 Qb6 15.Ng5 a5
16.Qh5 g6 17.Qf3 Ra7 18.Ne4 Ba6 19.Bg5 Bxd3 20.Qxd3 Be7 21.Rad1 Bxg5 22.Nxg5 Rc7
23.Re4 h6 24.Nf3 Ke7 25.Nxd4 Rhc8 26.Qd2 g5 27.h4 Rg8 28.Rg4 Nf4 29.Nb5 Rc5
30.hxg5 Rd5 31.Qc2 Rxd1+ 32.Qxd1 hxg5 33.Nd6 Qd4 34.b3 Qxe5 35.Nc4 Qe4 36.Qd6+ Kf6
37.Ne3 Qb1+ 38.Kh2 Rh8+ 39.Kg3 Qe4 40.Qd2 Nh5+ 41.Kh2 Nf4+ 42.Kg1 Qb1+  0-1

[Event "Yerevan"]
[Site "Yerevan"]
[Date "1977.??.??"]
[Round "11"]
[White "Averkin, Orest N"]
[Black "Doroshkievich, Vladimir K"]
[Result "0-1"]
[WhiteElo "2455"]
[BlackElo "2420"]

1.d4 d5 2.c4 e6 3.Nc3 c6 4.e3 Nf6 5.Nf3 Nbd7 6.Qc2 Bd6 7.Bd2 O-O 8.O-O-O c5
9.cxd5 exd5 10.Kb1 a6 11.h4 Re8 12.Ng5 h6 13.f3 Nf8 14.Nh3 cxd4 15.exd4 Nh5
16.Nxd5 Ng3 17.Rg1 Nxf1 18.Rgxf1 Qxh4 19.Nb6 Bxh3 20.gxh3 Rad8 21.Rg1 Re6
22.Nc4 Bg3 23.Bc3 Rg6 24.Ne3 Qxh3 25.d5 Rg5 26.Qe4 Ng6 27.Ng4 h5 28.Rh1 hxg4
29.Rxh3 gxh3 30.f4 Bxf4 31.Qd4 Be5 32.Qe3 Rg3 33.Qf2 Bd6 34.Bb4 Be5 35.Bc3 Bf4
36.Ba5  0-1

[Event "JUG-ch"]
[Site "Zagreb"]
[Date "1977.??.??"]
[Round "6"]
[White "Knezevic, Milorad"]
[Black "Martinovic, Slobodan"]
[Result "1/2-1/2"]
[WhiteElo "2500"]
[BlackElo "2415"]

1.d4 d5 2.c4 c6 3.Nc3 Nf6 4.Nf3 e6 5.e3 Nbd7 6.Bd3 dxc4 7.Bxc4 b5 8.Bd3 a6
9.e4 c5 10.d5 c4 11.dxe6 fxe6 12.Bc2 Bb7 13.O-O Qc7 14.Qe2 Bd6 15.Ng5 Nc5
16.f4 e5 17.a4 h6 18.Nf3 Nd3 19.Bxd3 cxd3 20.Qxd3 Rd8 21.Qe2 Qc4 22.Qxc4 bxc4
23.Nxe5 Bxe5 24.fxe5 Nxe4 25.Nxe4 Bxe4 26.Bf4 Ke7 27.Rad1 Rd3 28.Rxd3  1/2-1/2

[Event "Holmsgaard mem"]
[Site "Norresundby"]
[Date "1978.10.20"]
[Round "7"]
[White "Fries Nielsen, Jens Ove"]
[Black "Sorensen, Bent"]
[Result "1/2-1/2"]
[WhiteElo "2404"]
[BlackElo "2262"]

1.Nf3 Nf6 2.c4 e6 3.d4 d5 4.Nc3 c6 5.e3 Nbd7 6.Bd3 Bd6 7.O-O O-O 8.Qc2 dxc4
9.Bxc4 e5 10.Ne4 Nxe4 11.Qxe4 Nf6 12.Qh4 e4 13.Ng5 Bf5 14.f3 Bg6 15.fxe4 Be7
16.Qf4 Nd5 17.exd5 Bxg5 18.Qf3 Qe7 19.dxc6 Be4 20.Qg3 bxc6 21.Bd2 Bg6 22.Rac1 Rab8
23.Bb3 a5 24.Rxc6 a4 25.Rc7 Qd8 26.Bxa4 Bh4 27.Qf4 Rxb2 28.Bc1 Bg5 29.Qg3 Bh4
30.Qf4 Bg5 31.Qg3 Bh4 32.Qe5 Rxa2 33.Bb3 Ra1 34.Qc5 Bg5 35.Qc3 Qa8 36.Bd2 Rxf1+
37.Kxf1 Be4 38.g3 Qa6+ 39.Ke1 h5 40.Qc4 Qf6 41.Qf1 Qg6 42.Qb5 Kh7 43.Qe5 f5
44.Qe6 Bf6 45.Rc8 Rxc8 46.Qxc8 h4 47.Qg8+ Kh6 48.Qh8+ Qh7 49.Qxh7+ Kxh7 50.Ba5 hxg3
51.hxg3 Be7 52.Bc7 Kg6 53.Kd2 Bb4+ 54.Ke2 Bb7 55.d5 Kf6 56.Kd3 Ke7 57.Kd4 Bd6
58.Bxd6+ Kxd6 59.g4 g6 60.g5 Ba8 61.Ba4 Bxd5 62.Be8 Be4 63.Bxg6 Bb1 64.Bf7 Ke7
65.Bc4 Kf8 66.Ke5 Kg7 67.Be6 Kg6 68.Kf4 Bc2 69.Bd7 Bd3 70.Be8+ Kg7 71.Bh5 Bc2
72.Be8 Bd3 73.Kg3 Bc2 74.Kh4 Bd3 75.Kg3 Bc2 76.Kf4 Bd3 77.Ke5 Bc2 78.Bh5 Bd3  1/2-1/2

[Event "IBM-B"]
[Site "Amsterdam"]
[Date "1978.??.??"]
[Round "1"]
[White "De Roode, Peter"]
[Black "Janosevic, Dragoljub"]
[Result "1/2-1/2"]
[WhiteElo "2200"]
[BlackElo "2455"]

1.d4 Nf6 2.c4 e6 3.Nf3 d5 4.Nc3 c6 5.e3 Be7 6.Bd3 dxc4 7.Bxc4 b5 8.Bd3 a6
9.e4 c5 10.dxc5 Bxc5 11.O-O Bb7 12.Bg5 Nbd7 13.Qe2 h6 14.Bh4 O-O 15.e5 g5
16.Nxg5 hxg5 17.Bxg5 Nxe5 18.Qxe5 Qxd3 19.Qxc5 Nd5 20.Nxd5 Qxd5 21.Qxd5 Bxd5
22.a3 f6 23.Bd2 Kf7 24.Ba5 Rg8 25.g3 Rac8 26.Rac1 Bf3 27.Bc7 e5 28.Rc3 e4
29.Rfc1 Rge8 30.Ba5 Rxc3 31.Rxc3 Re7 32.Rc7 Rxc7 33.Bxc7 Be2 34.Ba5 f5 35.Bb4 Ke6
36.Kg2 Kf7 37.Kh3 Bf3 38.Bd2 Kg6 39.Kh4 Bd1 40.h3 Be2 41.g4 fxg4 42.hxg4 Bd1
43.Kg3 Be2 44.Kf4 Bf3 45.g5 Bg2 46.Ke5 Bf3 47.Kd4 b4 48.Bxb4 Kxg5 49.Bd2+ Kf5
50.Kc5 Ke6 51.Kb6 Be2 52.b4 Bb5 53.a4 Bxa4 54.Kxa6 Kd7 55.b5 Kc8 56.Kb6 Bb3  1/2-1/2

[Event "IBM-B"]
[Site "Amsterdam"]
[Date "1978.??.??"]
[Round "13"]
[White "Van der Sterren, Paul"]
[Black "Borm, Franciscus WM"]
[Result "1/2-1/2"]
[WhiteElo "2400"]
[BlackElo "2260"]

1.d4 d5 2.Nf3 Nf6 3.c4 c6 4.Nc3 e6 5.e3 Nbd7 6.Bd3 Be7 7.O-O O-O 8.b3 b6
9.Bb2 Bb7 10.Qe2 Rc8 11.e4  1/2-1/2

[Event "IBM"]
[Site "Amsterdam"]
[Date "1978.??.??"]
[Round "13"]
[White "Pfleger, Helmut"]
[Black "Nikolac, Juraj"]
[Result "1-0"]
[WhiteElo "2530"]
[BlackElo "2495"]

1.d4 d5 2.c4 e6 3.Nc3 Nf6 4.Nf3 c6 5.e3 Nbd7 6.Bd3 dxc4 7.Bxc4 b5 8.Bd3 a6
9.a4 Bb7 10.O-O Be7 11.e4 b4 12.e5 bxc3 13.exf6 Nxf6 14.bxc3 c5 15.Rb1 Qc8
16.Ne5 O-O 17.Bg5 Ra7 18.dxc5 Rd8 19.Qe2 h6 20.c6 Bxc6 21.Be3 Ra8 22.Bb6 Rd6
23.a5 Nd5 24.Qf3 Bf6 25.Nxc6 Qxc6 26.c4 Nc3 27.Qxc6 Rxc6 28.c5 Nxb1 29.Be4 Rac8
30.Rxb1 Bd4 31.Bxc6 Rxc6 32.Kf1 e5 33.Ba7 Kh7 34.Ke2 e4 35.Rd1 Be5 36.Bb6 Kg6
37.Ke3 f5 38.Rd7 Kf6 39.Ra7 Ke6 40.Rxa6 Kd5 41.Ra8 Bd4+ 42.Kf4 Bxc5 43.Bxc5 Kxc5
44.Rb8 Ra6 45.Kxf5 Rf6+ 46.Kxe4 Rxf2 47.a6 Ra2 48.Rg8 g5 49.Rg6 Rxg2 50.Rxh6 g4
51.Kf4 Rg1 52.Rg6 Rg2 53.a7 Ra2 54.Rg7 Ra4+ 55.Kf5 Kd6 56.Rg6+ Kd5 57.Rxg4 Rxa7
58.h4 Ra8 59.Rg6 Ra1 60.Rg2 Kd6 61.Kg6 Ke7 62.Kg7 Rh1 63.Rg4 Ke6 64.Kg6 Ke7
65.Rf4 Rg1+ 66.Kh7 Rh1 67.Kh6 Rg1 68.h5 Rg2 69.Kh7 Rg1 70.h6 Ke8 71.Rf6 Re1
72.Kg7 Re7+ 73.Kg8  1-0

[Event "URS-FL"]
[Site "Ashkhabad"]
[Date "1978.??.??"]
[Round "7"]
[White "Mikhalchishin, Adrian"]
[Black "Sveshnikov, Evgeny"]
[Result "1/2-1/2"]
[WhiteElo "2460"]
[BlackElo "2565"]

1.d4 d5 2.c4 e6 3.Nf3 Nf6 4.Nc3 c6 5.e3 Nbd7 6.Qc2 Bd6 7.e4 dxe4 8.Nxe4 Nxe4
9.Qxe4 e5 10.dxe5 Nxe5 11.c5 f5 12.Qe2 Qa5+ 13.Bd2 Qxc5 14.Bc3 Be6 15.Nxe5 O-O-O
16.Qe3 Qxe3+ 17.fxe3 Rhe8 18.Nf3 Bc5 19.Bd4 Bxd4 20.Nxd4 f4 21.O-O-O Bxa2
22.exf4 Re4 23.Ne2 Rc4+ 24.Nc3 Rxd1+ 25.Kxd1 Bb3+ 26.Ke1 Rxf4 27.Bd3 h6 28.Rf1 Rd4
29.Ke2 Kc7 30.Ke3 Rd8 31.Ne2 a5 32.Ra1 Kb6 33.g4 Re8+ 34.Kd2 Rf8 35.Ke3 Re8+
36.Be4 a4 37.Nc3 Ra8 38.Kd4 Kc7 39.Ke3 Kd6 40.Ra3 Ra6 41.Bd3 Ra5 42.Ne4+ Kc7
43.Ra1 Re5 44.Rc1 b5 45.Kf4 Rd5 46.Bc2 Bxc2 47.Rxc2 Kb6 48.Ke3 b4 49.Rd2 Kb5
50.Rd4 a3 51.bxa3 Rxd4 52.Kxd4 bxa3 53.Kc3 a2 54.Kb2 Kc4 55.Nd6+ Kd5 56.Nf5 Ke5
57.Nxg7 Kf4 58.h3 Kg3 59.Nf5+ Kxh3 60.Nxh6 Kh4 61.Kxa2 Kg5  1/2-1/2